000 00393nam a22001577a 4500
003 MPLRDC
005 20220104142559.0
008 210129b ||||| |||| 00| 0 eng d
082 _a882.357 MIK
100 _a卡. 密克沙特
245 _a圣彼得的伞
_c康嗣群译
260 _a
_b平明出版社
_c1900
300 _b
650 _a中欧各国文学
942 _cBK
_o882.357 MIK
999 _c32036
_d32026